All WWE Fastlane Main Events - Statistics

General Stats
  • This quiz has been taken 155 times
  • The average score is 17 of 19
Answer Stats
Hint Answer % Correct
2015 Roman Reigns
98%
2016 Roman Reigns
98%
2019 Roman Reigns
98%
2016 Dean Ambrose
95%
2019 Dean Ambrose
95%
2019 Seth Rollins
95%
2018 John Cena
93%
2016 Brock Lesnar
91%
2015 Daniel Bryan
87%
2018 AJ Styles
86%
2017 Kevin Owens
85%
2018 Kevin Owens
85%
2018 Dolph Ziggler
84%
2019 Bobby Lashley
83%
2019 Drew McIntyre
82%
2018 Baron Corbin
80%
2019 Baron Corbin
80%
2017 Goldberg
77%
2018 Sami Zayn
73%
No matching quizzes found
Score Distribution
Percent of People with Each Score
Percentile by Number Answered
Your Score History
You have not taken this quiz